000 00688nam a22002057a 4500
005 20161109121053.0
010 _aENG-116482
020 _c995.00
_a9780199466702
020 _c995.00
_a019946670
035 _aEN-100014
037 _bDBAD/PUB
082 _a320.9540904
100 _aRuparelia,Sanjay
245 _aDivided we govern :
_cby Sanjay Ruparelia
_bcoalition politics in modern India /
260 _aNew Delhi
_bOxford University Press
_c2016
270 _aYMCA Library Building, 1 Jai Singh Road,
_bNew Delhi
_e110001
300 _axxiv,480p.
_c22cm(Hb)
500 _a Includes bibliographical reference and index
942 _2ddc
_cEN
_mRUP
_h320.9540904
999 _c104548
_d104548